00444nam a2200145Ia 4500008004100000020001800041041000800059082001700067100006400084245006800148250000600216260003900222300001400261650002300275210716s2012 xx 000 0 und d a9788131721018 aeng a005.453 AHOA aAho, Alfred V;Lam, Monica S;Sethi, Ravi;Ullman, Jeffrey D. aCompilers: principles, techniques and tools.bPrecise approach. a2 aNew DelhibPearson Educationc2012 axxiv,1009 aCompilers(005.453)